[Event "GER-ch U14"]
[Site "Willingen"]
[Date "2022.06.05"]
[Round "1"]
[White "Hagner, Bennet"]
[Black "Torosyan, Bagrat"]
[Result "1-0"]
[WhiteElo "2186"]
[BlackElo "1734"]
[PlyCount "57"]
[EventDate "2022.06.04"]
[EventType "swiss"]
[EventRounds "9"]
[EventCountry "GER"]
[SourceTitle "CBM 208 Extra"]
[Source "ChessBase"]
[SourceDate "2022.07.31"]
[SourceVersion "1"]
[SourceVersionDate "2022.07.31"]
[SourceQuality "1"]

1. e4 c5 2. Nf3 d6 3. d4 cxd4 4. Nxd4 Nf6 5. Nc3 a6 6. Bg5 e6 7. f4 Qb6 8. a3 Nc6 9. Nb3 Be7 10. Qd2 h6 11. Bxf6 Bxf6 12. 0-0-0 Be7 13. h4 Qc7 14. g4 b5 15. Bg2 Rb8 16. g5 a5 17. Ne2 a4 18. Nbd4 b4 19. Nxc6 Qxc6 20. axb4 Qc4 21. Nd4 Bd7 22. b5 Qa2 23. Qc3 d5 24. exd5 a3 25. b3 Bd6 26. Rhf1 hxg5 27. dxe6 Bxf4+ 28. Rxf4 gxf4 29. exd7+ 1-0

[Event "GER-ch U12"]
[Site "Willingen"]
[Date "2021.08.28"]
[Round "8"]
[White "Burkart, Lloyd Shang"]
[Black "Torosyan, Bagrat"]
[Result "0-1"]
[WhiteElo "1569"]
[BlackElo "1598"]
[PlyCount "70"]
[EventDate "2021.08.22"]
[EventType "swiss"]
[EventRounds "9"]
[EventCountry "GER"]
[SourceTitle "EXT 2022"]
[Source "ChessBase"]
[SourceDate "2021.10.06"]
[SourceVersion "1"]
[SourceVersionDate "2021.10.06"]
[SourceQuality "1"]

1. d4 Nf6 2. c4 g6 3. Nc3 Bg7 4. e4 d6 5. f3 0-0 6. Be3 Nc6 7. Nge2 a6 8. Qd2 Na5 9. b3 b5 10. cxb5 axb5 11. Nc1 b4 12. Nd1 c5 13. Rb1 Nd7 14. Bb5 Qb6 15. Bxd7 cxd4 16. Bh6 Bxd7 17. Bxg7 Kxg7 18. Nb2 e5 19. Ncd3 Rab8 20. 0-0 Rfc8 21. Rfc1 Rc3 22. Nd1 Nc6 23. N1b2 Na5 24. Nd1 Rbc8 25. Nxc3 bxc3 26. Qc2 Bb5 27. Kh1 Nc6 28. a3 Qa6 29. Rd1 Bxd3 30. Qxd3 Qxa3 31. Rdc1 Nb4 32. Qb5 d3 33. Ra1 d2 34. Rg1 Qxa1 35. Rxa1 c2 0-1

[Event "GER-ch U18 sf Berlin Online"]
[Site "Playchess.com INT"]
[Date "2020.05.01"]
[Round "9"]
[White "Torosyan, Bagrat"]
[Black "Rosol, Alexander"]
[Result "0-1"]
[WhiteElo "1620"]
[BlackElo "1783"]
[PlyCount "98"]
[EventDate "2020.05.01"]
[EventType "swiss (blitz)"]
[EventRounds "13"]
[EventCountry "GER"]
[SourceTitle "CBM 195 Extra"]
[Source "ChessBase"]
[SourceDate "2020.05.31"]
[SourceVersion "1"]
[SourceVersionDate "2020.05.31"]
[SourceQuality "1"]

1. e4 d6 2. d4 Nf6 3. Nc3 e5 4. d5 Nbd7 5. Nf3 a5 6. Bd3 Be7 7. 0-0 0-0 8. h3 Nc5 9. Be3 Ncxe4 10. Bxe4 Nxe4 11. Nxe4 f5 12. Nc3 f4 13. Bd2 Qe8 14. Re1 Qg6 15. Kh2 Rf5 16. Qe2 Rh5 17. Qf1 Bh4 18. Nxh4 Rxh4 19. Ne4 Bf5 20. f3 Rf8 21. Re2 Bxe4 22. Rxe4 Rf5 23. Be1 Rh6 24. Qc4 Rg5 25. Qe2 Qf5 26. h4 Rgh5 27. g4 fxg3+ 28. Bxg3 g5 29. Rg4 Kf7 30. Qe4 gxh4 31. Qxf5+ Rxf5 32. Rxh4 Rxh4+ 33. Bxh4 Rxf3 34. Rg1 c6 35. dxc6 bxc6 36. Rg2 d5 37. Rf2 Rxf2+ 38. Bxf2 a4 39. Kg3 Kf6 40. Kg4 Ke6 41. Bc5 d4 42. Ba3 Kd5 43. Kf3 e4+ 44. Kf4 c5 45. Kf5 e3 46. b3 axb3 47. axb3 e2 48. Bc1 e1Q 49. Bd2 Qxd2 0-1

[Event "GER-chT U10"]
[Site "Magdeburg"]
[Date "2019.12.29"]
[Round "6.1"]
[White "Lu, Yunong Elias"]
[Black "Torosyan, Bagrat"]
[Result "0-1"]
[WhiteElo "1397"]
[BlackElo "1613"]
[PlyCount "89"]
[EventDate "2019.12.27"]
[EventType "team-swiss"]
[EventRounds "7"]
[EventCountry "GER"]
[SourceTitle "CBM 194 Extra"]
[Source "ChessBase"]
[SourceDate "2020.03.31"]
[SourceVersion "1"]
[SourceVersionDate "2020.03.31"]
[SourceQuality "1"]
[WhiteTeam "Hamburger SK"]
[BlackTeam "Lichtenberg Borussia"]
[WhiteTeamCountry "GER"]
[BlackTeamCountry "GER"]

1. e4 c5 2. Nf3 d6 3. d4 cxd4 4. Nxd4 Nf6 5. Nc3 a6 6. Be2 e5 7. Nb3 Be6 8. Be3 b5 9. Bd3 Be7 10. 0-0 0-0 11. Re1 Ng4 12. Bd2 Qb6 13. Rf1 Bh4 14. Be1 Be7 15. Bd2 b4 16. Ne2 a5 17. h3 Nf6 18. Be3 Qb7 19. Ng3 a4 20. Nd2 Rc8 21. Nf3 Nbd7 22. Qe2 Nc5 23. Bd2 b3 24. axb3 Nxd3 25. Qxd3 axb3 26. cxb3 Rxa1 27. Rxa1 Bxb3 28. Rc1 Be6 29. Ng5 Rxc1+ 30. Bxc1 Qc6 31. Be3 Qc4 32. Qxc4 Bxc4 33. Nf3 g6 34. Nd2 Bb5 35. f3 d5 36. exd5 Nxd5 37. Ba7 f5 38. Bb8 Bc5+ 39. Kh2 Bd4 40. b3 Ne3 41. f4 e4 42. Bd6 Kf7 43. Bb4 Ke6 44. Nb1 Nd5 45. Be1 0-1

[Event "EU-ch U10"]
[Site "Bratislava"]
[Date "2019.08.05"]
[Round "4"]
[White "Dotzer, Lukas"]
[Black "Torosyan, Bagrat"]
[Result "0-1"]
[WhiteElo "1070"]
[BlackElo "1678"]
[PlyCount "158"]
[EventDate "2019.08.02"]
[EventType "swiss"]
[EventRounds "9"]
[EventCountry "SVK"]
[SourceTitle "EXT 2020"]
[Source "ChessBase"]
[SourceDate "2019.10.17"]
[SourceVersion "1"]
[SourceVersionDate "2019.10.17"]
[SourceQuality "1"]

1. e4 e5 2. Nf3 Nc6 3. d4 exd4 4. Nxd4 Bb4+ 5. c3 Bc5 6. Be3 Bb6 7. Bc4 d6 8. Nxc6 bxc6 9. Bxb6 cxb6 10. 0-0 Nf6 11. Re1 0-0 12. Na3 Re8 13. f3 b5 14. Bf1 Bb7 15. Qd2 Qb6+ 16. Qf2 Qc7 17. Qg3 Re5 18. Rad1 Rae8 19. Nc2 Qb6+ 20. Kh1 c5 21. Ne3 Bc8 22. c4 b4 23. Nd5 Nxd5 24. Rxd5 Rxd5 25. exd5 Rxe1 26. Qxe1 Kf8 27. Bd3 h6 28. Qg3 Qd8 29. Qf4 Qe7 30. h3 g5 31. Qe4 f5 32. Qxe7+ Kxe7 33. g3 f4 34. g4 Kf6 35. Kg1 Ke5 36. Kf2 Kd4 37. Ke2 Ba6 38. b3 Kc3 39. Bf5 Kb2 40. Kd2 Bb7 41. Bd7 a5 42. Bc6 Bc8 43. Kd1 h5 44. Kd2 hxg4 45. hxg4 Kxa2 46. Kc2 Bxg4 47. fxg4 f3 48. Kd2 Kxb3 49. Ke3 a4 50. Kxf3 a3 51. Ke4 a2 52. Kf5 a1Q 53. Kxg5 Qg7+ 54. Kf5 Kxc4 55. g5 b3 56. Ba4 b2 57. Bc2 Kxd5 58. Be4+ Kd4 59. g6 d5 60. Bc2 Kc3 61. Bb1 d4 62. Ke6 Qxg6+ 63. Bxg6 d3 64. Bxd3 Kxd3 65. Kd5 b1Q 66. Kxc5 Qb3 67. Kc6 Qb4 68. Kd5 Qc4+ 69. Ke5 Qd4+ 70. Kf5 Qe4+ 71. Kg5 Kd4 72. Kf6 Qd5 73. Ke7 Qc6 74. Kf7 Qd6 75. Kg7 Qe6 76. Kh8 Qe7 77. Kg8 Ke5 78. Kh8 Kf6 79. Kg8 Qg7# 0-1

[Event "EU-ch U10"]
[Site "Bratislava"]
[Date "2019.08.04"]
[Round "3"]
[White "Torosyan, Bagrat"]
[Black "Klaska, Philipp Leon"]
[Result "1/2-1/2"]
[WhiteElo "1678"]
[BlackElo "1441"]
[PlyCount "117"]
[EventDate "2019.08.02"]
[EventType "swiss"]
[EventRounds "9"]
[EventCountry "SVK"]
[SourceTitle "EXT 2020"]
[Source "ChessBase"]
[SourceDate "2019.10.17"]
[SourceVersion "1"]
[SourceVersionDate "2019.10.17"]
[SourceQuality "1"]

1. d4 d5 2. Bf4 e6 3. e3 Nf6 4. Nf3 Be7 5. Bd3 0-0 6. Nbd2 Nbd7 7. Ne5 c5 8. c3 b6 9. Nc6 Qe8 10. Nxe7+ Qxe7 11. Nf3 Bb7 12. Ne5 Rac8 13. 0-0 Ne4 14. f3 Nd6 15. Qa4 Rc7 16. Nxd7 Bc6 17. Qc2 Bxd7 18. Bxh7+ Kh8 19. Bd3 Rcc8 20. Qf2 Ne8 21. Qg3 g6 22. Qh3+ Kg8 23. Qh6 Ng7 24. Be5 f5 25. Qxg6 Qf7 26. Qh6 c4 27. Bc2 b5 28. g4 Rc6 29. g5 Be8 30. Kh1 Qg6 31. Rg1 a5 32. Rg3 Nh5 33. Qxg6+ Bxg6 34. Rgg1 Rf7 35. f4 Rb7 36. Bd1 Rcb6 37. a3 a4 38. Bxh5 Bxh5 39. Rg3 Bg6 40. h4 Rh7 41. Rh3 Rh5 42. Kg2 Kf8 43. Kf3 Rb7 44. e4 dxe4+ 45. Ke3 Rd7 46. d5 Rxd5 47. Bd4 Ke7 48. Rd1 Kd7 49. Rd2 Kc6 50. Be5 Rd3+ 51. Rxd3 exd3 52. Rh2 Kd5 53. Bg7 Kc5 54. Bf8+ Kd5 55. Bb4 Bf7 56. Be7 Bg6 57. Bf6 Kc5 58. Be7+ Kd5 59. Bb4 1/2-1/2

[Event "Berlin Werner Ott op"]
[Site "Berlin"]
[Date "2019.06.28"]
[Round "7"]
[White "Torosyan, Bagrat"]
[Black "Groot, Patrick"]
[Result "0-1"]
[WhiteElo "1444"]
[BlackElo "1964"]
[PlyCount "108"]
[EventDate "2019.06.22"]
[EventType "swiss"]
[EventRounds "9"]
[EventCountry "GER"]
[SourceTitle "EXT 2022"]
[Source "ChessBase"]
[SourceDate "2021.10.06"]
[SourceVersion "1"]
[SourceVersionDate "2021.10.06"]
[SourceQuality "1"]

1. d4 Nf6 2. Bf4 g6 3. Nf3 Bg7 4. Nc3 d5 5. e3 0-0 6. h4 Bg4 7. Be2 Nbd7 8. Ne5 Nxe5 9. dxe5 Bxe2 10. Qxe2 Ne8 11. 0-0-0 e6 12. Bg3 c5 13. h5 a6 14. hxg6 fxg6 15. Qg4 Qe7 16. Qh3 Bh8 17. Nxd5 exd5 18. Rxd5 Rf7 19. e6 Rg7 20. Rd7 Qf6 21. c3 b5 22. Rhd1 b4 23. Rf7 Rxf7 24. exf7+ Kxf7 25. Rd7+ Kf8 26. Qxh7 Bg7 27. Bh4 g5 28. Rd5 Qf7 29. Rxc5 gxh4 30. Qe4 Ra7 31. Qxb4 Qe7 32. Rf5+ Nf6 33. Qxh4 Rd7 34. Rf4 Qe6 35. g4 Qxa2 36. Rxf6+ Kg8 37. Kc2 Bxf6 38. Qxf6 Qa4+ 39. b3 Qe4+ 40. Kb2 Rd2+ 41. Ka3 Qxg4 42. Qxa6 Rxf2 43. Qa8+ Kg7 44. Qa7+ Rf7 45. Qd4+ Qxd4 46. exd4 Rb7 47. b4 Kf6 48. Ka4 Rc7 49. b5 Rxc3 50. b6 Rc1 51. Kb5 Ke6 52. b7 Kd7 53. d5 Rb1+ 54. Ka6 Kc7 0-1

[Event "Berlin Lichtenberger op 17th"]
[Site "Berlin"]
[Date "2018.08.20"]
[Round "3"]
[White "Timm, Christian"]
[Black "Torosyan, Bagrat"]
[Result "1/2-1/2"]
[WhiteElo "1651"]
[BlackElo "1309"]
[PlyCount "72"]
[EventDate "2018.08.18"]
[EventType "swiss"]
[EventRounds "9"]
[EventCountry "GER"]
[SourceTitle "CBM 186 Extra"]
[Source "ChessBase"]
[SourceDate "2018.08.24"]
[SourceVersion "1"]
[SourceVersionDate "2018.08.24"]
[SourceQuality "1"]

1. Nf3 d5 2. g3 Nc6 3. d4 Nf6 4. Bg2 Bf5 5. a3 e6 6. 0-0 Be7 7. Nbd2 Ne4 8. b4 Nc3 9. Qe1 Bxc2 10. Bb2 Ne4 11. b5 Nb8 12. a4 Bb4 13. Qc1 Nxd2 14. Nxd2 Bg6 15. Nb3 Nd7 16. Nc5 b6 17. Na6 Bd6 18. Qc6 0-0 19. Rfc1 Nb8 20. Nxb8 Rxb8 21. Ba3 f6 22. Bh3 Re8 23. Rc3 Bxa3 24. Raxa3 Kf7 25. Qxc7+ Qxc7 26. Rxc7+ Re7 27. Rac3 Rbe8 28. R3c6 Rxc7 29. Rxc7+ Re7 30. Rc6 Bb1 31. e3 Ba2 32. Rc3 Bc4 33. Bf1 Bxf1 34. Kxf1 Rd7 35. Ke2 Ke7 36. Rc6 Rd6 1/2-1/2